Advanced Biological Treatment Processes (Record no. 227135)

MARC details
000 -LEADER
fixed length control field 00624nam a2200145Ia 4500
008 - FIXED-LENGTH DATA ELEMENTS--GENERAL INFORMATION
fixed length control field 231221s9999 xx 000 0 und d
020 ## - INTERNATIONAL STANDARD BOOK NUMBER
International Standard Book Number 978-1-60327-170-7
041 ## - LANGUAGE CODE
Language code of text/sound track or separate title English
100 ## - MAIN ENTRY--PERSONAL NAME
Personal name Lawrence K. Wang, Nazih K. Shammas, Yung-Tse Hung
245 #0 - TITLE STATEMENT
Title Advanced Biological Treatment Processes
260 ## - PUBLICATION, DISTRIBUTION, ETC.
Date of publication, distribution, etc. 2009
Name of publisher, distributor, etc. Springer London
Place of publication, distribution, etc. New York
440 ## - SERIES STATEMENT/ADDED ENTRY--TITLE
Title Handbook of Environmental Engineering
650 ## - SUBJECT ADDED ENTRY--TOPICAL TERM
Topical term or geographic name entry element Environmental Engineering/Biotechnology; Waste Water Technology / Water Pollution Control / Water Management / Aquatic Pollution; Industrial Pollution Prevention; Waste Management/Waste Technology
942 ## - ADDED ENTRY ELEMENTS (KOHA)
Koha item type E-Books
Holdings
Date last seen Total checkouts Accession number Volume/Issue Number Uniform resource identifier Price effective from Category Lost status Damaged status Department Withdrawn status Home library Current library Shelving location Entry date Billnumber Currency symbol Conversion rate Discount Old discount
26/01/2024   EB9562 9 http://link.springer.com/openurl?genre=book&isbn=978-1-58829-360-2 26/01/2024 E-Books     Central Library   Central Library Central Library Central Library   20213 RS 1    

© For any Suggestions or Query, please contact the library staff @ librarian@pes.edu or Phone: +9180 2672 1983/ 2108.